| 000 | 00572nam a2200217Ia 4500 | ||
|---|---|---|---|
| 005 | 20221123132152.0 | ||
| 008 | 131103s9999 xx 000 0 und d | ||
| 040 | _aLoreto College | ||
| 041 | _aEnglish | ||
| 082 |
_a821.8 _bBRO |
||
| 100 | _aBrowning,Robert | ||
| 245 | 4 |
_aThe ring and the book _cRobert Browning |
|
| 260 |
_aLondon _bJ.M.Dent _c1919 |
||
| 300 | _axix,535 p. | ||
| 504 | _aIncludes notes | ||
| 630 | _aBrowning,Robert - Poems - Collections | ||
| 650 | _aBrowing,Robert,1812 - 1889 | ||
| 651 | _aEnglish Poetry | ||
| 850 | _aLCLIB | ||
| 942 | _cBK | ||
| 999 |
_c5962 _d56441 |
||